00330nam a2200133 a 4500008004100000020001500041050001900056100002100075245001200096246002300108260003900131300001700170350000900187120416s0000 ||||||||||||||||| || u a034024299X aD 756.5.D8 Har aHarman, Nicholas10aDunkirk athe necessary myth aLondonbHodder and Stoughtonc1980 a271p. : ill. a0.00